000
00337nam a2200133Ia 4500
008
240624s9999 xx 000 0 und d
041
_a
eng
082
_a
658.408 ESB
100
_a
PEDERSEN ESBEN RAHBEK GJERDRU
245
_a
CORPORATE SOCIAL RESPONSIBILITY
260
_c
2015
_a
New Delhi
_b
Sage
300
_a
312 : p.
365
_c
GBP
_b
38
999
_c
24288
_d
24288